| 000 | 01260nac a22003011u 4500 | ||
|---|---|---|---|
| 010 | _a 99189545 | ||
| 020 | _a9241207965 | ||
| 035 | _a(DLC) 99189545 | ||
| 082 | 0 | 0 |
_a610 s _a615.11 |
| 090 |
_c3518 _d3518 |
||
| 100 | _a20080729 | ||
| 245 | 0 | 4 |
_aThe use of essential drugs : _bFourth report of the WHO Expert Committee. |
| 246 | 3 | _aModel list of essential drugs | |
| 260 |
_aGeneva : _bWorld Health Organization, _c1990. |
||
| 300 |
_avi, 77 p. ; _c24 cm. |
||
| 490 | 1 |
_aWHO technical report series, _x0512-3054 ; _v882 |
|
| 500 | _a"The WHO Expert Committee on the Use of Essential Drugs met in Geneva from 1 to 5 December 1996"--P. 1. | ||
| 500 | _a"Model list of essential drugs (tenth list)": p. 24-25. | ||
| 500 | _aDonations | ||
| 500 | _aDonations - Bibliotheca Alexandrina. | ||
| 504 | _aIncludes bibliographical references (p. 73-76). | ||
| 650 | 0 | _aPharmacopoeias. | |
| 650 | 0 | _aDrug utilization. | |
| 710 | 2 |
_aWHO Expert Committee on the Use of Essential Drugs. _bMeeting |
|
| 830 | 0 | _aTechnical report series (World Health Organization) ; | |
| 942 |
_cBB _k615.11 |
||
| 999 |
_c3518 _d3518 |
||